Lenguajes de programación: diseño e implementación
Сохранить в:
| Главные авторы: | , |
|---|---|
| Формат: | |
| Язык: | испанский |
| Опубликовано: |
Ciudad de México
Prentice Hall Hispanoamericana
1998
|
| Редактирование: | 1a. ed |
| Предметы: | |
| Метки: |
Добавить метку
Нет меток, Требуется 1-ая метка записи!
|
MARC
| LEADER | 00000nam a2200000 a 4500 | ||
|---|---|---|---|
| 001 | UCQ8478 | ||
| 003 | CL-VaPUC | ||
| 008 | 981209e19980000MX |||||||||||||||||spa|d | ||
| 020 | |a 9701700465 | ||
| 082 | 0 | 4 | |a 005.13 |b PRA |2 21 |
| 100 | 0 | |a Pratt, Terrence W |e author |9 422475 | |
| 700 | 0 | |a Zelkowitz, Marvin V |e author |9 422476 | |
| 245 | 1 | 0 | |a Lenguajes de programación: diseño e implementación |
| 250 | |a 1a. ed | ||
| 300 | |a 654 p | ||
| 942 | |c BK | ||
| 945 | |d 19981209 00:00:00 |a aarredon | ||
| 260 | |a Ciudad de México |b Prentice Hall Hispanoamericana |c 1998 | ||
| 650 | 0 | |a Lenguajes de programación |9 259458 | |
| 650 | 0 | |a Programación de computadores |9 259531 | |
| 650 | 0 | |a Aplicaciones de computadores |9 260401 | |
| 650 | 7 | |a FORTRAN |2 CL-VaPUC |9 260109 | |
| 650 | 7 | |a PASCAL |2 CL-VaPUC |9 260074 | |
| 583 | |a last modification |c 20170510 03:49:58 |k Rodrigo Vera | ||
| 999 | |c 277730 |d 277728 | ||
| 952 | |0 0 |1 0 |4 0 |6 005_130000000000000_PRA_1998 |7 0 |8 A |9 315914 |a BIBING |b BIBING |d 2019-11-20 |i 3563340 |o 005.13 PRA 1998 |p 3563340 |r 2025-01-20 |w 2019-11-20 |y BK |k ING | ||
| 952 | |0 0 |1 0 |4 0 |6 005_130000000000000_PRA_1998 |7 0 |8 A |9 315916 |a BIBING |b BIBING |d 2019-11-20 |i 4111184 |o 005.13 PRA 1998 |p 4111184 |r 2024-01-25 |w 2019-11-20 |y BK |k CCI | ||
| 952 | |0 0 |1 0 |4 0 |6 005_130000000000000_PRA_1998 |7 0 |8 A |9 315921 |a BIBING |b BIBING |d 2019-11-20 |i 4111249 |o 005.13 PRA 1998 |p 4111249 |r 2025-01-20 |w 2019-11-20 |y BK |k CCI | ||